Normal view
MARC view
- D'Inverno, Mark
Entry Personal Name
001 - CONTROL NUMBER
- control field: 101148
003 - CONTROL NUMBER IDENTIFIER
- control field: NUST
005 - DATE AND TIME OF LATEST TRANSACTION
- control field: 20221021175636.0
008 - FIXED-LENGTH DATA ELEMENTS
- fixed length control field: 221021|| aca||aabn | a|a d
040 ## - CATALOGING SOURCE
- Original cataloging agency: NUST
- Transcribing agency: NUST
100 ## - HEADING--PERSONAL NAME
- Personal name: D'Inverno, Mark
670 ## - SOURCE DATA FOUND
- Source citation: Work cat.: (NUST)188894: Ashri,Ronald 101144, Agent-based software development /, c2004.
